Đồ án bê tông số 1 : Sàn sườn bê tông cốt thép đổ toàn khối có bản dầm
Sách cung cấp tài liệu mẫu về đồ án bê tông số 1: Sàn sườn đổ toàn khối có bản dầm và đồ án
Bewaard in:
| Formaat: | Boek |
|---|---|
| Taal: | Undetermined |
| Gepubliceerd in: |
Hà Nội
Trường Đại học Kiến trúc Hà Nội
1994
|
| Onderwerpen: | |
| Tags: |
Voeg label toe
Geen labels, Wees de eerste die dit record labelt!
|
| Thư viện lưu trữ: | Trung tâm Học liệu Trường Đại học Cần Thơ |
|---|
| LEADER | 00844nam a2200193Ia 4500 | ||
|---|---|---|---|
| 001 | CTU_16809 | ||
| 008 | 210402s9999 xx 000 0 und d | ||
| 082 | |a 624.1834 | ||
| 082 | |b Đ450 | ||
| 245 | 0 | |a Đồ án bê tông số 1 : | |
| 245 | 0 | |b Sàn sườn bê tông cốt thép đổ toàn khối có bản dầm | |
| 245 | 0 | |c Trường Đại học Kiến trúc Hà Nội | |
| 260 | |a Hà Nội | ||
| 260 | |b Trường Đại học Kiến trúc Hà Nội | ||
| 260 | |c 1994 | ||
| 520 | |a Sách cung cấp tài liệu mẫu về đồ án bê tông số 1: Sàn sườn đổ toàn khối có bản dầm và đồ án | ||
| 650 | |a Beton,Concrete construction | ||
| 904 | |i Nguyễn Quang Điền | ||
| 980 | |a Trung tâm Học liệu Trường Đại học Cần Thơ | ||